Science A-Z - Statistics

General Stats
  • This quiz has been taken 57 times
  • The average score is 21 of 26
Answer Stats
Hint Answer % Correct
A) Study of space and the planets Astronomy
100%
C) The fundamental element of life, atomicnumber 6 Carbon
100%
O) What we breathe in, atomic #8 Oxygen
98%
H) Most abundant element in the universe, atomic #1 Hydrogen
96%
M) Another poisonous element as well as the first planet Mercury
94%
B) Large area of space where no lightcan escape from due to intense gravity Black Hole
92%
R) Uranium and plutonium are considered _______ elements Radioactive
92%
G) One of the most famous astronomers knownfor discovering the phases of Venus and Jupiters moons Galileo Galilei
91%
X) Electromagnetic waves commonly used in medical imaging X Ray
91%
K) Energy an object possesses due to its motion Kinetic
89%
S) Massive star explosion Supernova
89%
U) Primary fuel used in nuclear reactors Uranium
89%
L) Metallic element with the symbol Pb, poisonous Lead
87%
D) Ratio of a substances' mass to its volume Density
85%
N) Aka the nerve cells Neuron
81%
T) Common metal with the symbol Sn Tin
81%
J) The force of one newton moving across one meter Joule
79%
F) Occurs when a neutron slams into a larger atom causing it to break apart Fission
75%
Z) Element vital to support immune function Zinc
75%
P) Marty and Doc needed this radioactive element to power the Delorean time machine Plutonium
74%
W) Period of the moon phase where the surface visible to the Earth increases Waxing
66%
V) The term for a fluids resistance to flow Viscosity
64%
E) Large moon of Jupiter known for its icysurface Europa
60%
I) Occurs when atoms gain or lose electrons Ionization
58%
Q) Bright galactic nucleus powered by a supermassiveblack hole accruing matter Quasar
53%
Y) Rare transition metal with the number 39 Yttrium
51%
No matching quizzes found
Score Distribution
Percent of People with Each Score
Percentile by Number Answered
Your Score History
You have not taken this quiz